NLSUI OPAC header image

The Oxford handbook of philosophy of economics / (Record no. 115061)

MARC details
000 -LEADER
fixed length control field 01959cam a2200217 a 4500
003 - CONTROL NUMBER IDENTIFIER
control field OSt
005 - DATE AND TIME OF LATEST TRANSACTION
control field 20260412085201.0
008 - FIXED-LENGTH DATA ELEMENTS--GENERAL INFORMATION
fixed length control field 080530s2009 enka bf 001 0 eng
020 ## - INTERNATIONAL STANDARD BOOK NUMBER
International Standard Book Number 9780190846220 (pbk)
082 00 - DEWEY DECIMAL CLASSIFICATION NUMBER
Classification number 330.01 KIN
245 04 - TITLE STATEMENT
Title The Oxford handbook of philosophy of economics /
Statement of responsibility, etc. edited by Harold Kincaid and Don Ross
260 ## - PUBLICATION, DISTRIBUTION, ETC.
Place of publication, distribution, etc. New York :
Name of publisher, distributor, etc. Oxford University Press,
Date of publication, distribution, etc. 2009.
300 ## - PHYSICAL DESCRIPTION
Extent xvii, 670 p. :
Dimensions 26 cm.
365 ## - TRADE PRICE
Price amount Rs. 2498.00
505 ## - FORMATTED CONTENTS NOTE
Formatted contents note 1. The New Philosophy of Economics-<br/>Section 1: Received Views in Philosophy of Economics<br/>2. Laws, Causation and Economic Methodology-<br/>3. If Economics Is a Science, What Kind of a Science Is It?-<br/>4. Realistic Realism about Unrealistic Models-<br/>5. Why There Is (as Yet) No Such Thing as an Economics of Knowledge-<br/>Section 2: Microeconomics<br/>6. Rationality and Indeterminacy-<br/>7. Experimental Investigations of Social Preferences-<br/>8. Competing Conceptions of the Individual in Recent Economics-<br/>9. Integrating the Dynamics of Multi-scale Economic Agency-<br/>10. Methodological Issues in Experimental Design and Interpretation<br/>11. Progress in Economics--Lessons from the Spectrum Auctions-<br/>12. Advancing Evolutionary Explanations in Economics-<br/>Section 3: Modeling, Macroeconomics And Development-<br/>13. Computational Economics-<br/>14. Microfoundations and the Ontology of Macroeconomics-<br/>15. Causality, Invariance, and Policy-<br/>16. The Miracle of the Septuagint and the Promise of Data Mining in Economics-<br/>18. Multisector Labor Market Models-<br/>19. What is Welfare and How Can We Measure it?-<br/>20. Interpersonal Comparison of Utility-<br/>21. Subjective Measures of Well-Being: Philosophical Perspectives-<br/>22. Facts and Values in Modern Economics-
650 #0 - SUBJECT ADDED ENTRY--TOPICAL TERM
Topical term or geographic name entry element Economics
General subdivision Philosophy
Form subdivision Handbooks, manuals, etc.
700 1# - ADDED ENTRY--PERSONAL NAME
Personal name Kincaid, Harold
700 1# - ADDED ENTRY--PERSONAL NAME
Personal name Ross, Don
856 41 - ELECTRONIC LOCATION AND ACCESS
Materials specified Table of contents
Uniform Resource Identifier <a href="http://www.loc.gov/catdir/enhancements/fy0909/2008021771-t.html">http://www.loc.gov/catdir/enhancements/fy0909/2008021771-t.html</a>
942 ## - ADDED ENTRY ELEMENTS (KOHA)
Source of classification or shelving scheme Dewey Decimal Classification
Koha item type BOOKs
Holdings
Withdrawn status Lost status Source of classification or shelving scheme Materials specified (bound volume or other part) Damaged status Not for loan Home library Current library Shelving location Date acquired Source of acquisition Coded location qualifier Total Checkouts Full call number Barcode Date last seen Price effective from Koha item type
    Dewey Decimal Classification PB     . . General Stacks 16.08.2018 Purchased MPPSECTION   330.01 KIN 36437 16.08.2019 16.08.2019 BOOKs